D. Lucio del Valle - El arte del ingeniero y el cultivo de las matemáticas en España : 18ª conferencia [del ciclo "La España del siglo XIX", Ateneo Científico, Literario y Artístico de Madrid] / (Registro nro. 170421)

Detalles MARC
000 -LEADER
campo de control de longitud fija 01160nab a2200217 i 4500
001 - NÚMERO DE CONTROL
campo de control 170421
003 - IDENTIFICADOR DE NÚMERO DE CONTROL
campo de control ES-MaACL
005 - FECHA Y HORA DE LA ÚLTIMA TRANSACCIÓN
campo de control 20251002195940.0
008 - DATOS DE LONGITUD FIJA--INFORMACIÓN GENERAL
campo de control de longitud fija 090304m18861887sp 000 0 spa d
100 1# - ENTRADA PRINCIPAL--NOMBRE DE PERSONA
Nombre de persona Echegaray, Eduardo.
9 (RLIN) 227111
245 10 - MENCIÓN DEL TÍTULO
Título D. Lucio del Valle - El arte del ingeniero y el cultivo de las matemáticas en España : 18ª conferencia [del ciclo "La España del siglo XIX", Ateneo Científico, Literario y Artístico de Madrid] /
Mención de responsabilidad, etc. orador, Eduardo Echegaray.
600 14 - PUNTO DE ACCESO ADICIONAL DE MATERIA--NOMBRE DE PERSONA
Nombre de persona Valle, Lucio del,
Fechas asociadas al nombre 1815-1874
9 (RLIN) 112770
610 24 - PUNTO DE ACCESO ADICIONAL DE MATERIA--NOMBRE DE ENTIDAD CORPORATIVA
Nombre de entidad corporativa o nombre de jurisdicción como elemento de entrada Ateneo de Madrid-
Subdivisión de forma Conferencias-
Subdivisión cronológica S.XIX.
9 (RLIN) 1910
610 24 - PUNTO DE ACCESO ADICIONAL DE MATERIA--NOMBRE DE ENTIDAD CORPORATIVA
Nombre de entidad corporativa o nombre de jurisdicción como elemento de entrada Ateneo de Madrid-
Subdivisión de forma Obras digitalizadas.
9 (RLIN) 1930
650 #4 - PUNTO DE ACCESO ADICIONAL DE MATERIA--TÉRMINO DE MATERIA
Término de materia o nombre geográfico como elemento de entrada Matemáticas-
Subdivisión geográfica España-
Subdivisión cronológica S.XIX
9 (RLIN) 14824
773 0# - ASIENTO DE ITEM FUENTE
Título La España del siglo XIX : colección de conferencias históricas celebradas durante el curso de 1885-86 [y curso de 1886-87],
Lugar, editor y fecha de publicación Madrid : Librería de Don Antonio San Martín, 1886-1887,
Parte(s) relacionada(s) T. 2, p. 189-215
Número bibliográfico anfitrión 82158
Número de ítem anfitrión 85194
Número de control del registro 82158
856 4# - LOCALIZACIÓN Y ACCESO ELECTRÓNICOS
Identificador Uniforme de Recursos <a href="http://www.ateneodemadrid.com/biblioteca_digital/folletos/Folletos-0106.pdf">http://www.ateneodemadrid.com/biblioteca_digital/folletos/Folletos-0106.pdf</a>
Nota pública Ver documento
942 ## - ELEMENTOS DE ENTRADA SECUNDARIOS (KOHA)
Tipo de ítem Koha Capítulo de libro
Fuente del sistema de clasificación o colocación Clasificación decimal universal

No hay ítems disponibles.